| 000 | 01190nam a2200277 a 4500 | ||
|---|---|---|---|
| 003 | OSt | ||
| 005 | 20240226113456.0 | ||
| 007 | cr ||||||a|c|a | ||
| 008 | 240215s2022 mx a|||fom||| 001 0 spa d | ||
| 040 | _erda | ||
| 100 | 1 |
_9188740 _aVaca Posada, Néstor Isidro |
|
| 245 | 1 | 0 |
_aRespuesta biológica de pollos de engorda Ross 308 a cuatro alimentos concentrados comerciales / _cpor Néstor Isidro Vaca Posada; director de teis Elvia López Pérez. |
| 264 | 1 |
_aChapingo, México : _bEl autor, _c2022. |
|
| 300 |
_a1 recurso en línea (47 páginas): _bcuadros, figuras. |
||
| 336 |
_2rdacontent _atexto _btxt |
||
| 337 |
_2rdamedia _acomputadora _bc |
||
| 338 |
_2rdacarrier _arecurso en línea _bcr |
||
| 502 |
_bIAEZ _cZootecnía _d2022. _gLIC |
||
| 504 | _aIncluye referencias bibliográficas: páginas 33-35. | ||
| 650 | 4 |
_9144975 _aPollos _x Alimentacion y alimentos |
|
| 650 | 4 |
_9175577 _aPollos _xEngorda _xRendimiento |
|
| 650 | 4 |
_94301 _aAlimentos balanceados |
|
| 700 | 1 |
_968223 _aLópez Pérez, Elvia _eDirector de tesis. |
|
| 856 |
_uhttp://10.13.5.2/tesis/tl/0711307-4__Vaca_Posada_Nestor_Isidro.pdf _zDESCARGAR PDF |
||
| 942 |
_2Clasificación Universidad Autónoma Chapingo _cTD |
||
| 999 |
_c219696 _d219696 |
||